000 00298nam a22001457a 4500
008 230913b ||||| |||| 00| 0 eng d
020 _a6417570
041 _aeng
080 _a521
082 _a521McG
100 _a19
101 _aASTRO
245 _aCOSMIC RAYS
_cMcGRAW.H
942 _2udc
_cBK
999 _c60355
_d60355